00541na a2200169 450000100060000000300080000600500170001400800410003104000250007204100080009708200250010524501320013026000390026230000180030165000370031970000150035618730MIRAKIL20181213155044.0161125b tu 000 0  aMilasbturcTR-AnCHP atur a343.0721bR34 [t.y.] aRekabet Kanunu'nu tanıyalımb(4054 sayılı rekabetin korunması hakkında kanun üzerine el kitabı)cHazırlayan Arif Esin aİstanbulbFinansal Forumc[t.y.] a28 s.c27 sm. aRekabet hukukuxHukuk ve mevzuat aEsin, Arif